Statistics for Largest cities in East Germany

Click here to take the quiz!

General Stats

  • This quiz has been taken 47 times
  • The average score is 10 of 14

Answer Stats

PopulationCity% Correct
1.28 mil.East Berlin
100%
511.110Dresden
98%
556.754Leipzig
96%
248.088Rostock
78%
315.277Chemnitz
76%
280.536Magdeburg
76%
147.279Potsdam
76%
105.610Jena
64%
134.246Cottbus
62%
224.461Erfurt
62%
310.234Halle
60%
127.477Schwerin
53%
122.979Zwickau
53%
134.116Gera
40%

Score Distribution

Percentile by Number Answered

Percent of People with Each Score

Your Score History

You have not taken this quiz